000 00460nam a22001697a 4500
003 NUST - PNEC
005 20170116180853.0
008 150827b xxu||||| |||| 00| 0 eng d
020 _a-
040 _cLIBRARY
082 _a616.8491 AME
100 _95841
_aAmeen Tariq
245 _aSir dard aur migraine (Headche and migraine)
_cDr. Ameen Tariq
260 _aKarachi
_bAhsasinfo,
_c2013
650 _95857
_aHealth and Diseases
_xGeneral
942 _2ddc
_cBK
999 _c64720
_d64720